| 000 | 01268cam a22003613a 4500 | ||
|---|---|---|---|
| 001 | 12769461 | ||
| 003 | PILC | ||
| 005 | 20160114151212.0 | ||
| 008 | 000801s2000 nyu 000 1 eng d | ||
| 010 | _a 2002568019 | ||
| 020 | _a0312970242 (pbk.) | ||
| 035 | _a(OCoLC)ocm44696875 | ||
| 040 |
_aUUC _cUUC _dOCLCQ _dDLC |
||
| 042 | _alccopycat | ||
| 050 | 0 | 0 |
_aPZ 7 _b.C549 2000 |
| 082 |
_aFIC _bC45a 2000 |
||
| 100 | 1 |
_aChopra, Deepak. _918000 |
|
| 245 | 1 | 0 |
_aThe angel is near _ccreated by Deepak Chopra and Martin Greenberg. |
| 246 | 3 | 0 | _aAngel is near |
| 260 |
_aNew York : _bSt. Martin's Paperbacks, _cc2000. |
||
| 300 |
_a338 p. ; _c18 cm. |
||
| 650 | 0 |
_aGood and evil _vFiction. _918001 |
|
| 650 | 0 |
_aArmageddon _vFiction. _918002 |
|
| 655 | 7 |
_aAdventure stories. _2gsafd _92927 |
|
| 700 | 1 |
_aGreenberg, Martin Harry. _918003 |
|
| 710 | 2 |
_aCopyright Paperback Collection (Library of Congress) _5DLC _9705 |
|
| 856 | 4 | 2 |
_3Contributor biographical information _uhttp://www.loc.gov/catdir/bios/hol056/2002568019.html |
| 856 | 4 | 2 |
_3Publisher description _uhttp://www.loc.gov/catdir/description/hol052/2002568019.html |
| 906 |
_a7 _bcbc _ccopycat _d2 _encip _f20 _gy-genrareb |
||
| 942 |
_2lcc _cBK |
||
| 999 |
_c17 _d17 |
||